| 000 | 00942nmc a2200337 a 4500 | ||
|---|---|---|---|
| 003 | AR-BaBNM | ||
| 005 | 20251128210107.0 | ||
| 008 | 209019s1993 ||||||||||||||000 | spa|| | ||
| 020 | _a950-529-030-6 | ||
| 040 | _cAR-BaBNM | ||
| 245 | 1 | 0 | _aManual de conducción |
| 250 | _a1ª ed. | ||
| 260 |
_aBuenos Aires _bSainte Claire _bAutomóvil Club Argentino _c1993 |
||
| 300 | 0 |
_a135 p. _bil. |
|
| 490 | 0 | _aEducación vial | |
| 500 | 0 | _aAl final del texto se encuentran folletos con señales de trásito | |
| 650 | 4 | _aVEHICULOS AUTOMOTORES | |
| 650 | 4 | _aMANUAL | |
| 650 | 4 | _aSENALES | |
| 650 | 4 | _aVELOCIDAD | |
| 650 | 4 | _aSEGURIDAD VIAL | |
| 650 | 4 | _aTRAFICO URBANO | |
| 650 | 4 | _aACCIDENTES DE TRANSITO | |
| 650 | 4 | _aINFRACCIONES | |
| 653 | 0 | _aEDUCACION VIAL | |
| 653 | 0 | _aTEMAS TRANSVERSALES | |
| 700 | 1 |
_aFangio, Juan Manuel _eprologuista |
|
| 700 | 1 |
_aVaquer, Carlos A. _eprologuista |
|
| 942 | _cBK | ||
| 998 | _cCarmen | ||
| 999 |
_c14014 _d14014 |
||